000 00950nam a2200229 i 4500
001 6491
003 ES-MaACL
005 20230906144947.0
007 t|
008 891124s1988 sp ||||1| spa d
080 _a91.04(7/8)"17"
245 0 0 _aCiencia y contexto histórico nacional en las expediciones ilustradas de América /
_ccoordinado por Fermín del Pino Díaz.
260 _a[Madrid] :
_bDepartamento de Historia de America Fernandez de Oviedo, Centro de Estudios Historicos,
_c[1988]
300 _a342, [3] p. ;
_c24 cm.
594 _aTít. del lomo: Expediciones ilustradas a América.
595 _aSeparata de: Revista de Indias, 1987, n. 180
650 4 _aExpediciones científicas-
_zPacífico-
_yS.XVIII.
_912690
651 4 _aPacífico-
_xDescubrimientos y exploraciones-
_yS.XVIII.
_99145
700 1 _aPino Díaz, Fermín del.
_992177
710 2 _aCentro de Estudios Históricos (1985-1999)
_92639
852 4 _aES-MaACL
_jL-13616
999 _c6491
_d6491